00884nam a2200253 a 450000100100000000500170001000800410002704000250006804100080009308200240010110000350012524500530016024600450021325000120025826000360027030000340030650400320034054600130037259000260038565100420041191000380045395201220049199900170061300003837320201002031236.0130409s1992 dr ab 000 0 spa d aDO-SdBNPbspacBNPHU172eng a972.93bR776d, 19921 aRood, Carlton Alexander94905110aA dominican chronicle /cCarlton Alexander Rood.23aHistory of Hispaniola/Dominican Republic a5a. ed. aSanto Domingo :bTaller,c1992. a210 p. :bil., mapa ;c24 cm. aBibliografía: p. 205-206. aInglés aInventariado, 2020/BT 4aRepública DominicanaxHistoria9170 aValidado. Control de calidad EMS. 0010718PDaPDbPDcHDd2013-04-09iLF1l0o972.93 R776d, 1992p38373-10r2020-06-25w2020-06-25yLFPDZNo se presta c37863d37863